De los deberes del hombre: discurso dirigido a un joven
محفوظ في:
| المؤلف الرئيسي: | |
|---|---|
| التنسيق: | كتاب |
| اللغة: | الإسبانية |
| منشور في: |
Barcelona
Librería Religiosa
1862
|
| الموضوعات: | |
| الوسوم: |
إضافة وسم
لا توجد وسوم, كن أول من يضع وسما على هذه التسجيلة!
|
MARC
| LEADER | 00000nam a2200000 a 4500 | ||
|---|---|---|---|
| 001 | UCR4453 | ||
| 003 | CL-VaPUC | ||
| 008 | 980307e18620000SP |||||||||||||||||spa|d | ||
| 082 | 0 | 4 | |a 248.83 |b PEL |2 21 |
| 100 | 0 | |a Pellico de Saluzzo, Silvio |e author |9 404604 | |
| 245 | 1 | 0 | |a De los deberes del hombre: discurso dirigido a un joven |
| 300 | |a 161 p | ||
| 942 | |c BK | ||
| 945 | |d 19980307 00:00:00 |a aolguin | ||
| 260 | |a Barcelona |b Librería Religiosa |c 1862 | ||
| 650 | 0 | |a Juventud |9 271073 | |
| 650 | 0 | |a Vida religiosa |9 257284 | |
| 650 | 0 | |a Conducta de vida |9 255100 | |
| 650 | 0 | |a Conducta humana |9 269906 | |
| 583 | |a last modification |c 20160307 12:53:35 |k Rodrigo Vera | ||
| 999 | |c 267395 |d 267393 | ||
| 952 | |0 0 |1 0 |4 0 |6 248_830000000000000_PEL_1862 |7 0 |8 DER_HDC |9 299687 |a BIBDER |b BIBDER |d 2019-11-20 |i 1953400 |o 248.83 PEL 1862 |p 1953400 |r 2023-01-25 |w 2019-11-20 |x Ubicación 4to Piso |y BK_X |z Estos recursos deben solicitarse con anticipación |k DER | ||